Boys Names that start with L - Statistics

General Stats
  • This quiz has been taken 597 times
  • The average score is 16 of 46
Answer Stats
Answer % Correct
Lucas
85%
Leonard
81%
Liam
78%
Louis
78%
Luka
72%
Larry
69%
Lawrence
67%
Lee
62%
Logan
62%
Levi
53%
Landon
51%
Lester
51%
Lance
45%
Leonardo
45%
Lex
43%
Lionel
40%
Lincoln
38%
Lyle
38%
Lars
33%
Lloyd
33%
Loren
32%
Luther
31%
Leroy
30%
Leighton
26%
Lawson
25%
Lowell
25%
Ludwig
23%
Lane
22%
Lamar
21%
Lyndon
21%
Lennon
20%
Leopold
20%
Lachlan
18%
Linus
18%
Lucian
18%
Leland
17%
Lennox
16%
Leif
15%
Lorenzo
15%
Langston
14%
Lafayette
13%
Lazarus
13%
Lucius
10%
Lamont
9%
Lyman
8%
Lysander
3%
No matching quizzes found
Score Distribution
Percent of People with Each Score
Percentile by Number Answered
Your Score History
You have not taken this quiz